Представление документа в формате MARC21

ПолеНазваниеЗначение
  Тип записи a
  Библиографический уровень m
001 Контрольный номер RU\infra-m\znanium\bibl\2226103
005 Дата корректировки 20260429142111.5
008 Кодируемые данные 250912s2025 RU g rus u
020 Индекс ISBN __
a ISBN 978-5-9729-2080-8
040 Источник каталогиз. __
a Служба первич. каталог. Общество с ограниченной ответственностью «ЗНАНИУМ»
041 Код языка издания __
a Код языка текста rus
044 Код страны публикации __
a Код страны публикации RU
080 Индекс УДК __
a Индекс УДК 669
084 Индекс другой классификации/Индекс ББК __
2 Источник индекса rubbk
a Индекс другой классификации/Индекс ББК 343
084 Индекс другой классификации/Индекс ББК __
2 Источник индекса okso
a Индекс другой классификации/Индекс ББК 22.04.02
100 Автор __
a Автор Дильдин А.Н.
q Полное имя Дильдин Андрей Николаевич
u Дополнение Южно-Уральский государственный университет (национальный исследовательский университет)
245 Заглавие __
a Заглавие Физико-химические основы сталеплавильных процессов
b Продолж. заглавия Учебное пособие
c Ответственность Южно-Уральский государственный университет (национальный исследовательский университет)
250 Сведения об издании __
a Основные сведения об издании 1
260 Выходные данные __
a Место издания Вологда
b Издательство Инфра-Инженерия
c Дата издания 2025
300 Физическое описание __
a Объем 112 с.
520 Аннотация __
a Аннотация Представлены основные термодинамические и кинетические закономерности высокотемпературных процессов протекающих в металлургических расплавах. Рассмотрены закономерности взаимодействия газовой шлаковой и металлической фаз. Приведены примеры решения типовых задач. Для студентов очного и очно-заочного обучения направления подготовки 22.04.02 «Металлургия». Может использоваться для выполнения семестрового задания по предметам «Общее материаловедение» «Материаловедение. Технология конструкционных материалов» «Термическая обработка металлов».
521 Примеч. о цел. назн. __
a Примеч. о целев. назн. ВО - Магистратура
650 Тематические рубрики __
a Основная рубрика Промышленность. Энергетика
x Основная подрубрика Обработка металлов давлением. Прокатное производство
655 Указ. предметных рубрик (устаревшее) __
a Жанр/ форма (устаревшее) Учебное пособие
700 Другие авторы __
a Другие авторы Чуманов И.В.
q Полное имя Чуманов Илья Валерьевич
u Дополнение Южно-Уральский государственный университет (национальный исследовательский университет)
856 Электронный адрес документа 4_
a Имя сервера/домена znanium.ru
m Помощь ebs_support@infra-m.ru
n Местонахождение сервера НИЦ ИНФРА-М
u URL https://znanium.ru/catalog/document?id=469659
856 Электронный адрес документа 48
a Имя сервера/домена znanium.ru
d Путь /cover/2226
f Электронное имя 2226103.jpg
q Тип электронного формата image/jpeg
u URL https://znanium.ru/cover/2226/2226103.jpg
911 __
u 0030=https://znanium.ru/catalog/document?id=469659